A Song of Ice and Fire: Taking the Black Quiz Stats

Quiz Updated Apr 7, 2016

Challenge
Share
Tweet
Embed
Score 0/104 Timer 08:00
11 Plays Today
% Correct
I
96.7%
I
96.7%
I
96.7%
I
96.7%
I
96.7%
I
96.7%
I
96.7%
watch
94.4%
Watch,
94.4%
Night
92.8%
night
92.8%
the
92.7%
the
92.7%
the
92.7%
the
92.7%
the
92.7%
the
92.7%
the
92.7%
the
92.7%
the
92.7%
the
92.7%
the
92.7%
the
92.7%
the
92.7%
the
92.7%
no
89.8%
no
89.8%
no
89.8%
no
89.8%
no
89.8%
my
88.2%
my
88.2%
my
88.2%
my
88.2%
and
87.7%
% Correct
and
87.7%
and
87.7%
and
87.7%
and
87.7%
am
82.7%
am
82.7%
am
82.7%
begins.
82.1%
children.
80.9%
take
79%
shall
78.9%
shall
78.9%
shall
78.9%
shall
78.9%
in
78.7%
wife,
78.2%
sword
77.8%
now
77.2%
on
76.9%
father
76.8%
to
75.6%
to
75.6%
of
75.1%
come.
74.2%
Night's
74%
nights
74%
watcher
72.9%
lands,
72.4%
darkness.
72.3%
death.
70%
all
69.7%
end
69.5%
for
69.4%
this
69.2%
until
69.1%
% Correct
men.
68.3%
not
67.9%
that
67.8%
that
67.8%
that
67.8%
that
67.8%
It
66.7%
hold
66.1%
life
65.8%
walls.
64.8%
shield
62.6%
realms
61.6%
pledge
59.1%
gathers,
59.1%
guards
58.5%
light
56.2%
honor
54.9%
die
53.8%
win
53.2%
at
52.6%
glory.
52.3%
live
51.4%
post.
50%
fire
48.7%
wear
47.4%
crowns
46.1%
cold,
42.8%
burns
41.7%
horn
40.8%
wakes
39%
sleepers,
38.2%
dawn,
38%
against
37.6%
brings
36.1%

You're not logged in!

Compare scores with friends on all Sporcle quizzes.
Join for Free
OR
Log In

You Might Also Like...

Show Comments

Extras

Top Quizzes Today


Score Distribution

Your Account Isn't Verified!

In order to create a playlist on Sporcle, you need to verify the email address you used during registration. Go to your Sporcle Settings to finish the process.

Report this User

Report this user for behavior that violates our Community Guidelines.

Details: